000 00262nam a2200097Ia 4500
001 747728
005 20250826164401.0
008 250824s9999 xx 000 0 und d
245 0 _aŞİMDİ GÖZLERİNİ AÇABİLİRSİN
_cSALİH UYAN
260 _bCARPEDİEM YAYINLARI
999 _c747728
_d747728